[Event "CCT Play-in Chessable Masters 2024"]
[Site "Online"]
[Date "2024.01.31"]
[Round "4"]
[White "Le, Tuan Minh"]
[Black "DrVelja"]
[Result "1-0"]
[WhiteElo "2567"]
[BlackElo "2585"]
[Annotator "RC"]
[PlyCount "67"]
[EventDate "2024.01.26"]
[EventType "swiss"]
[EventCountry "NET"]
[SourceTitle "playchess.com"]
[Source "ChessBase"]
[SourceQuality "1"]

1. d4 Nf6 2. c4 g6 3. Nf3 Bg7 4. g3 O-O 5. Bg2 d6 6. O-O c6 7. Nc3 Bf5 8. Re1 Ne4 9. Qb3 Nxc3 10. bxc3 Bc8 11. e4 c5 12. Ba3 Qc7 13. e5 Nd7 14. exd6 exd6 15. Rad1 Nb6 16. Ng5 Bg4 17. dxc5 dxc5 18. Rc1 Bd7 19. Ne4 Ba4 20. Qb1 Nd7 21. Re2 Rae8 22. Rce1 b6 23. Bc1 Ne5 24. Bf4 Bc6 25. h4 Re7 26. h5 gxh5 27. Ng5 f5 28. Bxe5 Rxe5 29. Bxc6 Qxc6 30. Rxe5 Bxe5 31. Rxe5 Qf6 32. Nf3 f4 33. Rxh5 Rf7 34. g4 1-0

[Event "CCT Play-in Chessable Masters 2024"]
[Site "Online"]
[Date "2024.01.31"]
[Round "4"]
[White "Tregubov, Pavel V."]
[Black "Samadov, Read"]
[Result "0-1"]
[WhiteElo "2567"]
[BlackElo "2502"]
[Annotator "RC"]
[PlyCount "68"]
[EventDate "2024.01.26"]
[EventType "swiss"]
[EventCountry "NET"]
[SourceTitle "playchess.com"]
[Source "ChessBase"]
[SourceQuality "1"]

1. e4 c5 2. Nf3 d6 3. d4 cxd4 4. Qxd4 Nc6 5. Qd3 Nf6 6. Nc3 e6 7. Bf4 Be7 8. O-O-O Ng4 9. Qe2 Qb6 10. h3 Nge5 11. Be3 Qa5 12. Qb5 Qc7 13. Nd2 Bd7 14. f4 Ng6 15. Qd3 O-O 16. Nc4 d5 17. exd5 Nxf4 18. Qd2 Nxd5 19. Nxd5 exd5 20. Bf4 Qc8 21. Nd6 Bxd6 22. Bxd6 Rd8 23. Qxd5 Be6 24. Qc5 b6 25. Qc3 Qb7 26. Be2 Rac8 27. Bf3 b5 28. Be5 Re8 29. Rd6 Bc4 30. Bxg7 Qe7 31. Bh6 Ne5 32. Rd4 Bd3 33. Rg4+ Bg6 34. Qd2 Nxg4 0-1

[Event "CCT Play-in Chessable Masters 2024"]
[Site "Online"]
[Date "2024.01.31"]
[Round "4"]
[White "Lazavik, Denis"]
[Black "Kamsky, Gata"]
[Result "1/2-1/2"]
[WhiteElo "2566"]
[BlackElo "2623"]
[Annotator "RC"]
[PlyCount "167"]
[EventDate "2024.01.26"]
[EventType "swiss"]
[EventCountry "NET"]
[SourceTitle "playchess.com"]
[Source "ChessBase"]
[SourceQuality "1"]

1. d4 f5 2. Nf3 Nf6 3. g3 g6 4. Bg2 Bg7 5. O-O O-O 6. c4 d6 7. Nc3 c6 8. Qc2 Na6 9. Rb1 Ne4 10. Bf4 Nxc3 11. Qxc3 Nc5 12. Qe3 Ne4 13. Bh6 Bxh6 14. Qxh6 Qc7 15. Rbd1 a5 16. Qf4 Re8 17. d5 e5 18. dxe6 Bxe6 19. Nd2 Nc5 20. Nb1 Qb6 21. Rd2 a4 22. h4 Bf7 23. h5 Ne6 24. Qxd6 Rad8 25. Qa3 gxh5 26. e3 h4 27. gxh4 Nc5 28. Rd4 Ne6 29. Rxd8 Qxd8 30. e4 Qxh4 31. Qg3+ Qxg3 32. fxg3 fxe4 33. Nc3 Nc5 34. b3 axb3 35. axb3 e3 36. Re1 Kg7 37. Bf1 Nxb3 38. Rb1 Nc5 39. Be2 Bg6 40. Rd1 Kf6 41. Kg2 Ra8 42. Kf3 Ra3 43. Rc1 Nb3 44. Rd1 Nd2+ 45. Kxe3 Nxc4+ 46. Kd4 Nd6 47. Rf1+ Ke7 48. Rf3 b6 49. Nd5+ cxd5 50. Rxa3 Be4 51. Rb3 b5 52. Bxb5 Nxb5+ 53. Rxb5 Kf6 54. Ke3 Ke5 55. Rb4 Kf5 56. Rb8 Ke5 57. Rf8 d4+ 58. Kd2 d3 59. Ke3 Bg6 60. Rf4 Kd5 61. Rd4+ Ke5 62. Rb4 Kd5 63. Rb2 Ke5 64. Rb5+ Kf6 65. g4 Ke6 66. Rb8 Ke5 67. Rd8 h5 68. Rg8 Kf6 69. gxh5 Bxh5 70. Kxd3 Bg6+ 71. Ke3 Bf5 72. Kf4 Bg6 73. Rf8+ Ke6 74. Rb8 Bc2 75. Rb6+ Kd5 76. Ke3 Ke5 77. Rb5+ Ke6 78. Kd4 Kf6 79. Rb2 Bg6 80. Rg2 Bh7 81. Rh2 Bg6 82. Rg2 Bh7 83. Rh2 Bg6 84. Rg2 1/2-1/2

[Event "CCT Play-in Chessable Masters 2024"]
[Site "Online"]
[Date "2024.01.31"]
[Round "4"]
[White "ViIIagra"]
[Black "Dubov, Daniil"]
[Result "0-1"]
[WhiteElo "2565"]
[BlackElo "2708"]
[Annotator "RC"]
[PlyCount "128"]
[EventDate "2024.01.26"]
[EventType "swiss"]
[EventCountry "NET"]
[SourceTitle "playchess.com"]
[Source "ChessBase"]
[SourceQuality "1"]

1. d4 Nf6 2. Nc3 d5 3. Bf4 c5 4. e3 Bg4 5. f3 Bd7 6. dxc5 e6 7. Nb5 Bxb5 8. Bxb5+ Nc6 9. b4 Nh5 10. Ne2 Nxf4 11. exf4 Be7 12. Nd4 Qc7 13. Qd2 O-O 14. Bxc6 bxc6 15. O-O a5 16. a3 Rfb8 17. c3 h5 18. Nb3 h4 19. Rfe1 g6 20. Qd4 Bf8 21. g3 Re8 22. Kg2 Bg7 23. Re5 axb4 24. cxb4 Ra4 25. gxh4 Rea8 26. Qb2 Bxe5 27. fxe5 Qe7 28. Nd4 R4a6 29. Kg3 Qa7 30. Qc1 Rxa3 31. Rxa3 Qxa3 32. Qxa3 Rxa3 33. Nxc6 Rb3 34. Kf2 Kf8 35. Ke2 d4 36. Kd2 d3 37. h3 Ke8 38. Nd4 Rxb4 39. Kxd3 Kd7 40. Ke4 Rc4 41. c6+ Kc7 42. Kd3 Ra4 43. Ke3 Kb6 44. f4 Ra3+ 45. Ke4 Rxh3 46. Nf3 Kxc6 47. Ng5 Rxh4 48. Kf3 Kd5 49. Nxf7 Rh1 50. Kg4 Rg1+ 51. Kf3 Rf1+ 52. Kg3 Kd4 53. Kg4 Ke3 54. Nd8 Ke4 55. Nxe6 Rg1+ 56. Kh3 Rd1 57. Kg4 Rg1+ 58. Kh3 Kf5 59. Ng7+ Kxf4 60. e6 Rh1+ 61. Kg2 Re1 62. Kf2 Re5 63. Kg2 Kg5 64. Ne8 Rxe6 0-1

[Event "CCT Play-in Chessable Masters 2024"]
[Site "Online"]
[Date "2024.01.31"]
[Round "4"]
[White "Alonso Rosell, Alvar"]
[Black "Martinez Alcantara, Jose Eduardo"]
[Result "0-1"]
[WhiteElo "2562"]
[BlackElo "2610"]
[Annotator "RC"]
[PlyCount "84"]
[EventDate "2024.01.26"]
[EventType "swiss"]
[EventCountry "NET"]
[SourceTitle "playchess.com"]
[Source "ChessBase"]
[SourceQuality "1"]

1. d4 Nf6 2. c4 e6 3. Nf3 Bb4+ 4. Nbd2 b6 5. a3 Bxd2+ 6. Qxd2 Bb7 7. e3 d6 8. Be2 Nbd7 9. b3 Qe7 10. Bb2 Ne4 11. Qc2 f5 12. d5 e5 13. Nd2 Nxd2 14. Qxd2 O-O 15. b4 f4 16. exf4 Rxf4 17. g3 Rff8 18. O-O Nf6 19. Rae1 Bc8 20. f4 Bh3 21. fxe5 dxe5 22. Rf3 Rae8 23. Bf1 Bxf1 24. Rxe5 Qd7 25. Rxf1 Ng4 26. Rxe8 Rxe8 27. Qg5 h6 28. Qg6 Ne5 29. Qe4 Nf7 30. Qg6 Ne5 31. Qe4 Ng4 32. Qg6 Re2 33. Bd4 Nxh2 34. Rf6 Ng4 35. Re6 Rxe6 36. dxe6 Qxd4+ 37. Kg2 Qd2+ 38. Kh3 Nf2+ 39. Kg2 Ne4+ 40. Kh1 Qc1+ 41. Kg2 Qc2+ 42. Kg1 Qf2+ 0-1

[Event "CCT Play-in Chessable Masters 2024"]
[Site "Online"]
[Date "2024.01.31"]
[Round "4"]
[White "Ibarra Jerez, Jose Carlos"]
[Black "Vidit, Santosh Gujrathi"]
[Result "0-1"]
[WhiteElo "2559"]
[BlackElo "2742"]
[Annotator "RC"]
[PlyCount "118"]
[EventDate "2024.01.26"]
[EventType "swiss"]
[EventCountry "NET"]
[SourceTitle "playchess.com"]
[Source "ChessBase"]
[SourceQuality "1"]

1. e4 c5 2. Nf3 e6 3. d3 Nc6 4. g3 Nf6 5. Bg2 Be7 6. O-O d6 7. c3 O-O 8. Re1 e5 9. d4 exd4 10. cxd4 d5 11. exd5 Nxd5 12. Nc3 Be6 13. dxc5 Nxc3 14. bxc3 Bxc5 15. Ng5 Qxd1 16. Rxd1 Bg4 17. Rd5 Bb6 18. Ba3 Rfe8 19. h3 Bh5 20. Nxh7 Bg6 21. Ng5 Re2 22. Bc5 f6 23. Bxb6 axb6 24. Nf3 Raxa2 25. Rxa2 Rxa2 26. Nd4 Ra1+ 27. Kh2 Rc1 28. Rb5 Rxc3 29. Nxc6 bxc6 30. Rxb6 c5 31. Rb8+ Kh7 32. Rc8 Bd3 33. g4 c4 34. Bd5 Rc1 35. f3 Kg6 36. Be4+ Bxe4 37. fxe4 Kg5 38. Kg3 Rc3+ 39. Kf2 Kf4 40. Rc7 g5 41. Rc6 Kxe4 42. Rxf6 Rxh3 43. Rf5 c3 44. Ke2 Rh1 45. Rc5 Kd4 46. Rc8 c2 47. Kd2 c1=Q+ 48. Rxc1 Rxc1 49. Kxc1 Ke3 50. Kd1 Kf3 51. Ke1 Kxg4 52. Kf1 Kf3 53. Kg1 Kg3 54. Kh1 Kf2 55. Kh2 g4 56. Kh1 Kg3 57. Kg1 Kh3 58. Kh1 g3 59. Kg1 g2 0-1

[Event "CCT Play-in Chessable Masters 2024"]
[Site "Online"]
[Date "2024.01.31"]
[Round "4"]
[White "Muradli, Mahammad"]
[Black "Bocharov, Dmitry"]
[Result "1-0"]
[WhiteElo "2555"]
[BlackElo "2513"]
[Annotator "RC"]
[PlyCount "89"]
[EventDate "2024.01.26"]
[EventType "swiss"]
[EventCountry "NET"]
[SourceTitle "playchess.com"]
[Source "ChessBase"]
[SourceQuality "1"]

1. Nf3 c5 2. c4 Nf6 3. Nc3 d5 4. cxd5 Nxd5 5. d4 cxd4 6. Qxd4 Nxc3 7. Qxc3 Nc6 8. e4 e6 9. a3 Bd7 10. Be2 Rc8 11. O-O f6 12. Rd1 Be7 13. Be3 O-O 14. Qd2 Be8 15. Qc3 Qc7 16. b4 a6 17. Rac1 Bf7 18. Qb3 Rfd8 19. Rxd8+ Bxd8 20. a4 e5 21. Bc4 Bxc4 22. Qxc4+ Qf7 23. Qd3 Qe6 24. b5 axb5 25. axb5 Ne7 26. Rxc8 Qxc8 27. h4 Kf7 28. Nd2 Bc7 29. Nc4 Qe6 30. b6 Bb8 31. Na5 Qc8 32. h5 h6 33. Bd2 Qc5 34. Qb3+ Ke8 35. Nxb7 Qd4 36. Be3 Qxe4 37. Nc5 Qc6 38. b7 Nd5 39. Na6 Nxe3 40. Qg8+ Ke7 41. Qxg7+ Ke6 42. Nxb8 Qc1+ 43. Kh2 Nf1+ 44. Kh3 Qf4 45. Qd7# 1-0

[Event "CCT Play-in Chessable Masters 2024"]
[Site "Online"]
[Date "2024.01.31"]
[Round "4"]
[White "Fier, Alexandr"]
[Black "Kovalev, Vladislav"]
[Result "0-1"]
[WhiteElo "2549"]
[BlackElo "2579"]
[Annotator "RC"]
[PlyCount "92"]
[EventDate "2024.01.26"]
[EventType "swiss"]
[EventCountry "NET"]
[SourceTitle "playchess.com"]
[Source "ChessBase"]
[SourceQuality "1"]

1. e4 e5 2. Nf3 Nc6 3. Bc4 Nf6 4. d3 Bc5 5. c3 a6 6. O-O d6 7. a4 h6 8. Nbd2 Ba7 9. Re1 O-O 10. h3 Ne7 11. Nf1 Ng6 12. Ng3 Be6 13. Bxe6 fxe6 14. Be3 Bxe3 15. Rxe3 Nd7 16. b4 Qe7 17. Qb3 Rf7 18. Ra2 Raf8 19. d4 Kh8 20. b5 a5 21. Rd2 Nf4 22. Qd1 Qf6 23. Nh2 Qg6 24. Nf3 Nb6 25. dxe5 Nc4 26. exd6 Nxe3 27. fxe3 Qxg3 28. exf4 cxd6 29. Rf2 Qxf4 30. Qd4 Qg3 31. Kh1 e5 32. Qe3 Rf4 33. Rf1 Qg6 34. Re1 Qe6 35. Kh2 Qa2 36. Re2 Qxa4 37. Qd3 Qa3 38. Qd5 R8f7 39. Nh4 Rf1 40. Nf5 Qc1 41. Rd2 R7xf5 42. exf5 Qe1 43. g4 e4 44. Qd4 Rh1+ 45. Kg2 Qf1+ 46. Kg3 Rxh3# 0-1

[Event "CCT Play-in Chessable Masters 2024"]
[Site "Online"]
[Date "2024.01.31"]
[Round "4"]
[White "Ju, Wenjun"]
[Black "Shankland, Sam"]
[Result "0-1"]
[WhiteElo "2549"]
[BlackElo "2674"]
[Annotator "RC"]
[PlyCount "124"]
[EventDate "2024.01.26"]
[EventType "swiss"]
[EventCountry "NET"]
[SourceTitle "playchess.com"]
[Source "ChessBase"]
[SourceQuality "1"]

1. d4 d5 2. c4 c6 3. Nf3 Nf6 4. Nc3 e6 5. e3 Nbd7 6. Qc2 b6 7. b3 Bb7 8. Be2 Be7 9. O-O O-O 10. Bb2 Qc7 11. Rad1 Rad8 12. Rfe1 Rfe8 13. e4 dxe4 14. Nxe4 c5 15. Bd3 Nxe4 16. Bxe4 Bxe4 17. Qxe4 Bf6 18. h3 h6 19. Rd2 cxd4 20. Nxd4 Nc5 21. Qe2 Qb7 22. b4 Na4 23. Ba1 Rd7 24. Red1 Red8 25. Rd3 Rd6 26. Nb3 Rxd3 27. Rxd3 Qe7 28. Bxf6 Qxf6 29. Rxd8+ Qxd8 30. Qc2 Qf6 31. c5 bxc5 32. Nxc5 Nc3 33. a3 Qe5 34. g3 g5 35. Qd2 Nd5 36. Kg2 Kg7 37. Qd3 h5 38. Nb3 Kf8 39. Qd4 Qe2 40. Nc5 g4 41. hxg4 hxg4 42. Qe4 Qxe4+ 43. Nxe4 Ke7 44. f3 f5 45. Nc5 gxf3+ 46. Kxf3 e5 47. Nb3 Kd6 48. Nd2 Nb6 49. g4 fxg4+ 50. Kxg4 Kd5 51. Kf3 Kd4 52. Ke2 Nc4 53. Nb3+ Kc3 54. Nc5 Nxa3 55. Nd7 Kd4 56. Nb8 Kd5 57. Kd3 Nb5 58. Na6 Nd6 59. Nc7+ Kc6 60. Ne6 Kb5 61. Kc3 Ne4+ 62. Kb3 Nf6 0-1

[Event "CCT Play-in Chessable Masters 2024"]
[Site "Online"]
[Date "2024.01.31"]
[Round "4"]
[White "Drygalov, Sergey"]
[Black "Sargsyan_Shant"]
[Result "1-0"]
[WhiteElo "2547"]
[BlackElo "2642"]
[Annotator "RC"]
[PlyCount "115"]
[EventDate "2024.01.26"]
[EventType "swiss"]
[EventCountry "NET"]
[SourceTitle "playchess.com"]
[Source "ChessBase"]
[SourceQuality "1"]

1. d4 Nf6 2. c4 e6 3. Nf3 d5 4. Nc3 Bb4 5. Qa4+ Nc6 6. e3 O-O 7. Qc2 b6 8. Bd2 Be7 9. cxd5 Nb4 10. Qb3 Nbxd5 11. Nxd5 exd5 12. Bb5 Bb7 13. Ne5 Qd6 14. Qa4 c5 15. O-O a6 16. Be2 c4 17. f3 b5 18. Qc2 Rfe8 19. Be1 Qb6 20. Bh4 Rad8 21. Bxf6 Bxf6 22. f4 Be7 23. Bh5 g6 24. Bf3 Bf8 25. a4 Bc8 26. axb5 axb5 27. Ra8 Bf5 28. Rxd8 Qxd8 29. Qd2 f6 30. Ng4 Kg7 31. Nf2 Qe7 32. Re1 Qb4 33. Qe2 Be6 34. Ra1 Bf7 35. Nd1 Qe7 36. Nc3 Qd7 37. Ra5 Bb4 38. Ra6 Qb7 39. Ra1 f5 40. g3 Rd8 41. h3 Be7 42. Nd1 Bf6 43. g4 fxg4 44. hxg4 g5 45. f5 Re8 46. Qf2 b4 47. Kg2 Qd7 48. Qd2 Rb8 49. Nf2 Qc7 50. Rc1 Qa7 51. Qd1 Qa2 52. Ra1 Qxb2 53. Ra7 b3 54. Bxd5 Rf8 55. Bxc4 Qc3 56. Qxb3 Qe1 57. Bxf7 Kh6 58. Qe6 1-0

[Event "CCT Play-in Chessable Masters 2024"]
[Site "Online"]
[Date "2024.01.31"]
[Round "4"]
[White "Holt, Conrad"]
[Black "Sanal, Vahap"]
[Result "1-0"]
[WhiteElo "2540"]
[BlackElo "2567"]
[Annotator "RC"]
[PlyCount "61"]
[EventDate "2024.01.26"]
[EventType "swiss"]
[EventCountry "NET"]
[SourceTitle "playchess.com"]
[Source "ChessBase"]
[SourceQuality "1"]

1. d4 d5 2. c4 c6 3. Nc3 Nf6 4. e3 e6 5. Bd3 Nbd7 6. cxd5 exd5 7. Nge2 Bd6 8. f3 c5 9. O-O O-O 10. Nf4 Nb6 11. Nb5 Bxf4 12. exf4 c4 13. Bc2 Ne8 14. a4 Bd7 15. Nc3 a5 16. f5 Nd6 17. g4 f6 18. Bf4 Nf7 19. h4 Re8 20. Qd2 Bc6 21. Kf2 h6 22. Rg1 Nd7 23. b3 cxb3 24. Bxb3 Nf8 25. Qa2 Qb6 26. Nxd5 Qxd4+ 27. Kg3 Bxd5 28. Bxd5 Re7 29. Rge1 Rd7 30. Bxf7+ Rxf7 31. Re7 1-0

[Event "CCT Play-in Chessable Masters 2024"]
[Site "Online"]
[Date "2024.01.31"]
[Round "4"]
[White "zvonokchess"]
[Black "Novik, Maxim"]
[Result "1-0"]
[WhiteElo "2540"]
[BlackElo "2399"]
[Annotator "RC"]
[PlyCount "161"]
[EventDate "2024.01.26"]
[EventType "swiss"]
[EventCountry "NET"]
[SourceTitle "playchess.com"]
[Source "ChessBase"]
[SourceQuality "1"]

1. d4 Nf6 2. Bg5 c5 3. Bxf6 exf6 4. c3 Qb6 5. Qd2 cxd4 6. cxd4 Nc6 7. e3 d5 8. Nc3 Be6 9. Nge2 Bd6 10. g3 Na5 11. b3 Bb4 12. Bg2 Bg4 13. Nf4 Be6 14. O-O Rd8 15. Rac1 O-O 16. Qd3 Bxc3 17. Rxc3 Nc6 18. Rfc1 g6 19. Rc5 Rd6 20. h4 Rfd8 21. Qd2 Kg7 22. Bf1 a6 23. Qb2 Ne7 24. b4 Rc6 25. a4 Rxc5 26. dxc5 Qc7 27. b5 axb5 28. axb5 Qe5 29. Qxe5 fxe5 30. Nxe6+ fxe6 31. c6 bxc6 32. bxc6 Kf6 33. Ba6 Rb8 34. c7 Rb6 35. c8=Q Nxc8 36. Bxc8 Ke7 37. Ra1 Rb8 38. Ra7+ Kf6 39. Rc7 Rb6 40. Rxh7 d4 41. e4 d3 42. Rd7 Rc6 43. Bb7 Rb6 44. Kg2 d2 45. g4 g5 46. h5 Rxb7 47. Rxd2 Rb4 48. f3 Rb6 49. Rd7 Rb7 50. Rd8 Kg7 51. Re8 Rb6 52. Re7+ Kh6 53. Re8 Kg7 54. Kg3 Kf7 55. Rh8 Kg7 56. Re8 Kf7 57. Rc8 Kg7 58. Rc7+ Kf6 59. Rh7 Rc6 60. Rh6+ Kf7 61. Rg6 Rc1 62. Rxg5 Kf6 63. Rg6+ Kf7 64. Rh6 Rh1 65. Rh7+ Kf6 66. Rh6+ Kf7 67. Kg2 Rd1 68. g5 Rd2+ 69. Kg3 Rd1 70. Rf6+ Ke7 71. h6 Rg1+ 72. Kh4 Rh1+ 73. Kg4 Rh2 74. Rg6 Kf7 75. Rg7+ Kf8 76. Rb7 Rh1 77. h7 Rh2 78. g6 Rg2+ 79. Kh5 Rh2+ 80. Kg5 Rg2+ 81. Kf6 1-0

[Event "CCT Play-in Chessable Masters 2024"]
[Site "Online"]
[Date "2024.01.31"]
[Round "4"]
[White "JSPrepz"]
[Black "Hakobyan, Aram"]
[Result "0-1"]
[WhiteElo "2539"]
[BlackElo "2616"]
[Annotator "RC"]
[PlyCount "58"]
[EventDate "2024.01.26"]
[EventType "swiss"]
[EventCountry "NET"]
[SourceTitle "playchess.com"]
[Source "ChessBase"]
[SourceQuality "1"]

1. e4 c5 2. Nf3 d6 3. c3 Nf6 4. Be2 g6 5. O-O Bg7 6. d3 O-O 7. Be3 Nc6 8. Nbd2 Re8 9. h3 e5 10. a3 b6 11. b4 h6 12. Nc4 d5 13. exd5 Nxd5 14. bxc5 Nxc3 15. Qc2 Nd4 16. Nxd4 exd4 17. Bf3 dxe3 18. Bxa8 Bf5 19. Nd6 e2 20. Rfe1 Qxa8 21. Nxe8 Qxe8 22. Rac1 bxc5 23. Qd2 Qe5 24. Qe3 Qxe3 25. fxe3 Bxd3 26. Kf2 c4 27. Kf3 Na2 28. Rb1 Bxb1 29. Rxb1 c3 0-1

[Event "CCT Play-in Chessable Masters 2024"]
[Site "Online"]
[Date "2024.01.31"]
[Round "4"]
[White "stSecond"]
[Black "Antipov, Mikhail Al."]
[Result "1-0"]
[WhiteElo "2538"]
[BlackElo "2604"]
[Annotator "RC"]
[PlyCount "121"]
[EventDate "2024.01.26"]
[EventType "swiss"]
[EventCountry "NET"]
[SourceTitle "playchess.com"]
[Source "ChessBase"]
[SourceQuality "1"]

1. d4 Nf6 2. c4 g6 3. Nc3 d5 4. cxd5 Nxd5 5. Bd2 c5 6. e4 Nxc3 7. Bxc3 cxd4 8. Bxd4 e5 9. Bxe5 Bb4+ 10. Bc3 Bxc3+ 11. bxc3 Qa5 12. Qd2 O-O 13. Bc4 Rd8 14. Bd5 Nd7 15. c4 Qxd2+ 16. Kxd2 Nb6 17. Kd3 Be6 18. Ne2 Rac8 19. Rac1 Rc5 20. Rc3 Ra5 21. Rc2 Kg7 22. Rb1 Na4 23. Kd4 Nc5 24. f3 b6 25. Nf4 Ra3 26. Rd1 Bd7 27. Rdd2 h5 28. Rc3 Ra5 29. h4 Bc8 30. Ke3 Rd7 31. Ne2 Rc7 32. Nd4 Ba6 33. Rdc2 Nd7 34. Nb3 Ra3 35. Kd4 Ra4 36. Ke3 Nc5 37. Nd4 Ra5 38. Bc6 Kf8 39. g3 Ne6 40. Bd5 Nc5 41. Kf4 Kg7 42. g4 hxg4 43. fxg4 Ra4 44. h5 Rb4 45. hxg6 fxg6 46. Ra3 Rb1 47. Nb3 Nd3+ 48. Kg5 Nb4 49. Rf2 Bc8 50. Rf6 Rg1 51. Rxg6+ Kh7 52. Rh6+ Kg7 53. Rg6+ Kh7 54. Rh6+ Kg7 55. Rh4 Nc2 56. Ra4 Ne1 57. Nd4 Ng2 58. Rh3 Re7 59. Nf5+ Bxf5 60. exf5 Rc7 61. f6+ 1-0

[Event "CCT Play-in Chessable Masters 2024"]
[Site "Online"]
[Date "2024.01.31"]
[Round "4"]
[White "Samunenkov, Ihor"]
[Black "Sychev, Klementy"]
[Result "1-0"]
[WhiteElo "2533"]
[BlackElo "2542"]
[Annotator "RC"]
[PlyCount "65"]
[EventDate "2024.01.26"]
[EventType "swiss"]
[EventCountry "NET"]
[SourceTitle "playchess.com"]
[Source "ChessBase"]
[SourceQuality "1"]

1. d4 d5 2. c4 dxc4 3. Nf3 Nf6 4. e3 e6 5. Bxc4 a6 6. O-O Nbd7 7. a4 c5 8. Nc3 Qc7 9. Qe2 Bd6 10. dxc5 Qxc5 11. b3 Qc7 12. Bb2 O-O 13. Rac1 Qb8 14. Bd3 b6 15. Ne4 Bb7 16. Nxd6 Qxd6 17. Rfd1 Qb4 18. Rc4 Qa5 19. Rh4 h6 20. b4 Qxa4 21. Nd4 Ne5 22. Bc2 Qe8 23. Nb3 Ned7 24. Rxd7 Qxd7 25. Bxf6 e5 26. Rg4 g6 27. Bxe5 Qe6 28. Bb2 Rad8 29. Nd4 Qd5 30. Be4 Qd7 31. Bxg6 fxg6 32. Rxg6+ Kh7 33. Qh5 1-0

[Event "CCT Play-in Chessable Masters 2024"]
[Site "Online"]
[Date "2024.01.31"]
[Round "4"]
[White "GMKrikor"]
[Black "Kosteniuk, Alexandra"]
[Result "0-1"]
[WhiteElo "2531"]
[BlackElo "2501"]
[Annotator "RC"]
[PlyCount "190"]
[EventDate "2024.01.26"]
[EventType "swiss"]
[EventCountry "NET"]
[SourceTitle "playchess.com"]
[Source "ChessBase"]
[SourceQuality "1"]

1. Nf3 d5 2. c4 d4 3. b4 Bg4 4. g3 Bxf3 5. exf3 e6 6. b5 a6 7. Bg2 axb5 8. cxb5 Qd5 9. a4 Qe5+ 10. Kf1 c6 11. f4 Qc7 12. Qb3 Nf6 13. Bb2 Bc5 14. Na3 O-O 15. Rc1 Nbd7 16. Nc4 Rfc8 17. Bf3 Nd5 18. Kg2 cxb5 19. Qxb5 Qc6 20. Ra1 Be7 21. Qxc6 Rxc6 22. Rhc1 Nc5 23. Ne5 Rca6 24. Rab1 Nb3 25. Bxd5 exd5 26. Rc7 Bd6 27. Rxb7 Nxd2 28. Rd1 Nc4 29. Bxd4 Nxe5 30. fxe5 Bf8 31. Rb5 Rxa4 32. Rxd5 Re8 33. h4 h5 34. Rd7 g6 35. Rb1 Raa8 36. Rbb7 Rad8 37. f4 Rxd7 38. Rxd7 Be7 39. Rb7 Kf8 40. Kf3 Rc8 41. Ke4 Ke8 42. Rb6 Rc2 43. Rb3 Re2+ 44. Kf3 Re1 45. Bf2 Rd1 46. Be3 Kd7 47. Rb7+ Ke8 48. Ke4 Ra1 49. Rb3 Ra4+ 50. Kf3 Kd7 51. Rb7+ Ke6 52. Rc7 Bd8 53. Rc6+ Kf5 54. Rd6 Be7 55. Rd7 Ke6 56. Rd1 Rc4 57. Ke2 Ra4 58. Rb1 Ra2+ 59. Kf3 Ra4 60. Rc1 Bd8 61. Rc8 Be7 62. Re8 Kd7 63. Rg8 Ke6 64. Rb8 Kf5 65. Rb7 Ke6 66. Rc7 Bd8 67. Rc6+ Kf5 68. Rd6 Be7 69. Rd7 Ke6 70. Rb7 Rc4 71. Ke2 Ra4 72. Rb3 Kf5 73. Kf3 Bd8 74. Rb7 Ke6 75. Bc5 Rc4 76. Rb5 Rc3+ 77. Kg2 Kf5 78. Bf2 Be7 79. Rb7 Ke6 80. Rb2 Kf5 81. Rd2 Ke6 82. Kf1 Kf5 83. Ke2 Ke6 84. Be3 Rb3 85. Kf3 Bc5 86. Re2 Kf5 87. Kf2 Rxe3 88. Rxe3 Kg4 89. f5 Kxf5 90. e6 fxe6 91. Kf3 Bxe3 92. Kxe3 Kg4 93. Kf2 e5 94. Kg2 e4 95. Kf2 Kh3 0-1

[Event "CCT Play-in Chessable Masters 2024"]
[Site "Online"]
[Date "2024.01.31"]
[Round "4"]
[White "Kevlishvili, Robby"]
[Black "Kramnik, Vladimir"]
[Result "1-0"]
[WhiteElo "2531"]
[BlackElo "2753"]
[Annotator "TA"]
[PlyCount "35"]
[EventDate "2024.01.26"]
[EventType "swiss"]
[EventCountry "NET"]
[SourceTitle "playchess.com"]
[Source "ChessBase"]
[SourceQuality "1"]

1. e4 c5 2. Nf3 d6 3. d4 cxd4 4. Nxd4 Nf6 5. Nc3 a6 6. h4 e5 7. Nb3 Be7 8. Bg5 Be6 9. Bxf6 Bxf6 10. g3 O-O 11. Qd2 Nc6 12. O-O-O Rc8 13. Kb1 b5 14. Bh3 Be7 15. Nd5 Bxh3 16. Rxh3 Qd7 17. Rhh1 Bd8 18. Ne3 1-0

[Event "CCT Play-in Chessable Masters 2024"]
[Site "Online"]
[Date "2024.01.31"]
[Round "4"]
[White "VSERGUEI"]
[Black "Laurusas, Tomas"]
[Result "1-0"]
[WhiteElo "2526"]
[BlackElo "2590"]
[Annotator "RC"]
[PlyCount "125"]
[EventDate "2024.01.26"]
[EventType "swiss"]
[EventCountry "NET"]
[SourceTitle "playchess.com"]
[Source "ChessBase"]
[SourceQuality "1"]

1. d4 d5 2. c4 c6 3. cxd5 cxd5 4. Bf4 Nf6 5. e3 Nc6 6. Nc3 a6 7. Be2 e6 8. Rc1 Be7 9. Nf3 Nh5 10. Be5 f6 11. Bg3 Nxg3 12. hxg3 f5 13. Bd3 Bd6 14. Qe2 g6 15. Nd2 O-O 16. Nb3 h5 17. a3 Kg7 18. Nc5 Rf7 19. b4 Rb8 20. Qb2 Ne7 21. Ne2 Ng8 22. Nf4 Qe7 23. a4 Nf6 24. a5 b5 25. Be2 Ra8 26. Nfd3 Qe8 27. Ne5 Rc7 28. f3 Raa7 29. Kf2 Kg8 30. Qd2 Rg7 31. Ncd3 Rac7 32. Nc5 Qd8 33. Bd3 Bf8 34. Rc2 Ne8 35. g4 hxg4 36. fxg4 Nd6 37. Qe2 Qf6 38. Qf3 Rh7 39. Rcc1 Rh4 40. gxf5 Rxh1 41. Rxh1 gxf5 42. g4 Bg7 43. gxf5 Nxf5 44. Bxf5 Qxf5 45. Qxf5 exf5 46. Ned3 Rc6 47. Nf4 Rd6 48. Rc1 Kf7 49. Ncd3 Bd7 50. Rc7 Ke8 51. Nc5 Bh6 52. Kf3 Kd8 53. Ra7 Bc8 54. Rh7 Bf8 55. Rh8 Ke7 56. Rh7+ Kd8 57. Ra7 Bh6 58. Nfd3 f4 59. Ne5 Rf6 60. Rf7 Bg5 61. Rg7 Bh6 62. Rf7 Bg5 63. exf4 1-0

[Event "CCT Play-in Chessable Masters 2024"]
[Site "Online"]
[Date "2024.01.31"]
[Round "4"]
[White "KantorGergely"]
[Black "alexrustemov"]
[Result "1-0"]
[WhiteElo "2518"]
[BlackElo "2683"]
[Annotator "TA"]
[PlyCount "51"]
[EventDate "2024.01.26"]
[EventType "swiss"]
[EventCountry "NET"]
[SourceTitle "playchess.com"]
[Source "ChessBase"]
[SourceQuality "1"]

1. d4 d5 2. c4 dxc4 3. e4 Nf6 4. e5 Nd5 5. Bxc4 Nb6 6. Bd3 Nc6 7. Be3 Be6 8. Ne2 Qd7 9. Nbc3 Bf5 10. Bb5 e6 11. Rc1 a6 12. Bxc6 Qxc6 13. d5 Nxd5 14. Nxd5 Qxd5 15. Qxd5 exd5 16. Rxc7 b5 17. Nd4 Bd7 18. Ke2 Be7 19. Rhc1 b4 20. Nc6 Bd8 21. Rb7 a5 22. Nxd8 Rxd8 23. Rcc7 Bc8 24. Re7+ Kf8 25. Rxf7+ Kg8 26. Rxg7+ 1-0

[Event "CCT Play-in Chessable Masters 2024"]
[Site "Online"]
[Date "2024.01.31"]
[Round "4"]
[White "Raja Harshit"]
[Black "Olafsson, Helgi"]
[Result "1-0"]
[WhiteElo "2508"]
[BlackElo "2471"]
[Annotator "RC"]
[PlyCount "39"]
[EventDate "2024.01.26"]
[EventType "swiss"]
[EventCountry "NET"]
[SourceTitle "playchess.com"]
[Source "ChessBase"]
[SourceQuality "1"]

1. e4 e5 2. Nf3 Nc6 3. Bb5 a6 4. Ba4 Nf6 5. O-O Be7 6. d3 b5 7. Bb3 O-O 8. Nc3 d6 9. a3 Bg4 10. Be3 Nd7 11. Bd5 Ndb8 12. h3 Be6 13. b4 Bf6 14. a4 Bxd5 15. Nxd5 bxa4 16. Rxa4 Nd7 17. Qa1 Qc8 18. Qa2 Qb7 19. Ra1 Ncb8 20. b5 1-0